000 00653nam a2200217Ii 4500
003 JO-AjNU
008 230606s9999||||xx |||||||||||||| ||und||
020 _a5-03- 000499-8
040 _aJO-AjNU
_beng
_erda
_cJO-AjNU
041 _aeng
050 1 4 _aQA9 1985
100 3 _aGusev,V/ V.litvinenko/A. Mordkovich,
_eauthor
_96081
245 0 0 _aSolving Problems in GEOMETRY
250 _a1ed
264 3 1 _aMoscow: Mir publisher, 1988
300 _a238p
_bIncludes bibliographical references
336 _atext
_btxt
_2rdacontent
337 _aunmediated
_bn
_2rdamedia
338 _avolume
_bnc
_2rdacarrier
650 4 _aGeometry- solving problem
_96082
999 _aE3154
_c3151
_d3151